Score 0/50 Timer 10:00
0 Plays Today
% Correct
Alaska
94.2%
Hawaii
92%
Washington
91.2%
California
89.8%
Oregon
87.6%
Indiana
86.1%
New Hampshire
81%
Texas
80.3%
Colorado
78.8%
Iowa
77.4%
Kansas
75.9%
Maine
70.8%
New York
67.2%
Arizona
66.4%
Florida
65.7%
Tennessee
65%
Idaho
62.8%
Montana
62.8%
North Carolina
61.3%
New Mexico
60.6%
Wyoming
60.6%
Nevada
59.9%
Vermont
59.9%
Georgia
57.7%
Massachusetts
56.9%
% Correct
Connecticut
56.2%
Utah
56.2%
Virginia
56.2%
Delaware
55.5%
North Dakota
55.5%
West Virginia
55.5%
New Jersey
54.7%
Oklahoma
54.7%
Rhode Island
54.7%
Illinois
54%
Pennsylvania
50.4%
Arkansas
49.6%
South Carolina
49.6%
Michigan
48.2%
Missouri
47.4%
Nebraska
46.7%
Wisconsin
46.7%
Minnesota
46%
South Dakota
46%
Maryland
45.3%
Alabama
43.8%
Kentucky
43.8%
Ohio
43.1%
Louisiana
39.4%
Mississippi
39.4%
Remove Ads.
Support Sporcle.
Get the best of Sporcle when you Go Orange. This ad-free experience offers more features, more stats, and more fun while also helping to support Sporcle. Thank you for becoming a member.

You're not logged in!

Compare scores with friends on all Sporcle quizzes.
OR
Log In

Show Comments

Extras

Top Quizzes Today


Score Distribution

Your Account Isn't Verified!

In order to create a playlist on Sporcle, you need to verify the email address you used during registration. Go to your Sporcle Settings to finish the process.

Report this User

Report this user for behavior that violates our Community Guidelines.

Details: